000 00869nam a2200217 a 4500
003 0
005 20250321133936.0
008 060801s19uu xx 00 eng d
050 _aPGS BF 697.5.S43.E94
_b.L622 2006
100 _aLesaca, Ancheska S.
245 _aThe effects of extended families on the self-image of lower school students in SISC /
_cAncheska S. Lesaca.
260 _aLas PiƱas City, Philippines :
_bSouthville International School and Colleges,
_c2006.
300 _a26 pages :
_billustrations ;
_c28 cm.
504 _aIncludes bibliographical references.
650 _aSelf-perception in children.
650 _aSelf-esteem in adolescence.
650 _aExtended families
_vPsychological aspects.
650 _aFamily structure
_vInfluence on child development.
650 _aSocial environment and child psychology.
942 _2lcc
_cPASS
999 _c97514
_d97514